| 000 | 00785nam a2200229 a 4500 | ||
|---|---|---|---|
| 001 | 13730 | ||
| 003 | BD-JhCC | ||
| 005 | 20240320092120.0 | ||
| 008 | 240319b2022 bg |||| ||a| 001 0 eng d | ||
| 020 | _a9789840514670 | ||
| 035 | _a(BD-JhCC)13730 | ||
| 040 |
_aBD-JhCC _dBD-JhCC |
||
| 041 | _aenglish | ||
| 082 |
_a920.954 _bYUN 2022 |
||
| 100 | _a Yunus,Dr.Muhammad | ||
| 245 |
_aBanker to the Poor: _bThe Autobiography of Muhammad Yunus, founder of the Grameen Bank / _cDr.Muhammad Yunus,Alan Jolis. |
||
| 260 |
_aDhaka: _bThe University Press Limited; _c 2022. |
||
| 300 |
_a313 p. : _c24 cm. |
||
| 650 |
_aBankers Bangladesh Biography _xGrameen Bank History _yRéformateurs sociaux Bangladesh _zSocial reformers Bangladesh Biography |
||
| 700 | _aJolis,Alan | ||
| 942 |
_2ddc _cBK |
||
| 999 |
_c13730 _d13730 |
||